Szczegóły MARC21

CEFTA - Środkowoeuropejska Strefa Wolnego Handlu : komentarz, obecny poziom stawek celnych w handlu pomiędzy stronami CEFTA, przewidywane w najbliższych latach redukcje ceł w handlu pomiędzy stronami /

003 -Nazwa inst., której nr kontr. jest w polu 001 [,]
    • @
    • Nazwa instytucji, której n kontrolny jest w polu 001
    • NUKAT
005 -DATA I CZAS OSTATNIEJ MODYFIKACJI [,]
    • @
    • pole kontrolne
    • 20241231105608.0
020 -Międzynarod. znormalizowany nr książki - ISBN [ , ]
    • a
    • Numer ISBN
    • 8386393815 Find
040 -Instytucja sporządzająca opis [ , ]
    • a
    • Instytucja, która sporządziła opis (NP)
    • Ł U/MA
    • c
    • Instytucja, która sporządziła rekord (NP)
    • Ł U/MA
    • d
    • Instytucja, która zmodyfikowała rekord (P)
    • Ł U/AS
    • d
    • Instytucja, która zmodyfikowała rekord (P)
    • Ł U/MSs
942 -Rodzaj dokumentu [ , ]
    • c
    • Rodzaj dokumentu
    • Książka
100 -Hasło główne - nazwa osobowa [1, ]
    • a
    • Nazwa osobowa (NP)
    • Sołtysińska, Aleksandra.
    • 9
    • KHW
    • 11260
245 -Strefa tytułu i oznaczenia odpowiedzialności [1,0]
    • a
    • Tytuł
    • CEFTA - Środkowoeuropejska Strefa Wolnego Handlu : Find
    • b
    • Ciąg dalszy tytułu (NP)
    • komentarz, obecny poziom stawek celnych w handlu pomiędzy stronami CEFTA, przewidywane w najbliższych latach redukcje ceł w handlu pomiędzy stronami / Find
    • c
    • Pozostałe elementy strefy tytułu i oznaczenia odpowiedzialności (NP)
    • Aleksandra Sołtysińska, Paweł Czubik.
246 -Wariant tytułu [3, ]
    • a
    • Tytuł (NP)
    • Central European Free Trade Agreement - Środkowoeuropejska Strefa Wolnego Handlu
246 -Wariant tytułu [1,8]
    • a
    • Tytuł (NP)
    • CEFTA - komentarz
260 -Strefa adresu wydawniczego [ , ]
    • a
    • Miejsce wydania (P)
    • Kraków :
    • b
    • Nazwa wydawcy (P)
    • Kantor Wydawniczy "Zakamycze",
    • c
    • Data wydania (P)
    • 1997.
300 -Strefa opisu fizycznego [ , ]
    • a
    • Określenie formy książki i/lub objętość (NP)
    • 344, [1] s. :
    • b
    • Oznaczenie ilustracji (NP)
    • il. ;
    • c
    • Format (NP)
    • 21 cm.
336 -Typ zawartości [ , ]
    • a
    • Termin opisujący typ zawartości
    • Tekst
    • b
    • Kod określający zawartość
    • txt
    • 2
    • Źródło (terminu i kodu)
    • rdacontent
337 -Typ mediów [ , ]
    • a
    • Tryb odtwarzania
    • Bez urządzenia pośredniczącego
    • b
    • Kod typu mediów
    • n
    • 2
    • Źródło (terminu i kodu)
    • rdamedia
338 -Typ/rodzaj nośnika [ , ]
    • a
    • Hasło opisujące typ nośnika
    • Wolumin
    • b
    • Kod typu nośnika
    • nc
    • 2
    • Źródło (terminu i kodu)
    • rdacarrier
490 -Strefa serii i książki wielotomowej - forma nie do wyszukiwania [1, ]
    • a
    • Tytuł (P)
    • Na Każdą Kieszeń Find
830 -Hasło dodatkowe serii i opisu książki wielotomowej - tytuł ujednolicony/tytuł [ ,0]
    • a
    • Tytuł ujednolicony/tytuł (NP)
    • Na Każdą Kieszeń
    • 9
    • KHW
    • 86705
504 -Uwaga dot. bibliogr. załącznikowej [ , ]
    • a
    • Uwaga dot. bibliografii załącznikowej
    • Bibliogr. s. 213-216.
080 -Uniwersalna Klasyfikacja Dziesiętna [ , ]
    • a
    • Symbol klasyfikacji
    • 339.543(4-191.2-67)CEFTA
080 -Uniwersalna Klasyfikacja Dziesiętna [ , ]
    • a
    • Symbol klasyfikacji
    • :061.1(4-191.2-67)CEFTA
610 -Hasło przedmiotowe w formie nazwy ciała zbiorowego [2,7]
    • a
    • Nazwa ciała zbiorowego lub nazwa geograficzna
    • Środkowoeuropejskie Porozumienie o Wolnym Handlu.
    • 2
    • Źródło terminu
    • kaba
    • 9
    • KHW
    • 259386
650 -Hasło przedmiotowe [ ,7]
    • a
    • Hasło przedmiotowe
    • Prawo celne
    • z
    • Określnik geograficzny
    • Europa Środkowa.
    • 2
    • Źródło terminu
    • kaba
    • 9
    • KHW
    • 359791
650 -Hasło przedmiotowe [ ,7]
    • a
    • Hasło przedmiotowe
    • Prawo celne
    • z
    • Określnik geograficzny
    • Europa Wschodnia.
    • 2
    • Źródło terminu
    • kaba
    • 9
    • KHW
    • 359792
650 -Hasło przedmiotowe [ ,7]
    • a
    • Hasło przedmiotowe
    • Wolny handel
    • z
    • Określnik geograficzny
    • Europa Środkowa.
    • 2
    • Źródło terminu
    • kaba
    • 9
    • KHW
    • 359793
650 -Hasło przedmiotowe [ ,7]
    • a
    • Hasło przedmiotowe
    • Wolny handel
    • z
    • Określnik geograficzny
    • Europa Wschodnia.
    • 2
    • Źródło terminu
    • kaba
    • 9
    • KHW
    • 359790
980 -Symbol UKD [ , ]
    • a
    • UKD
    • 339.543:061.1](4-191.2-67)CEFTA
700 -Hasło dodatkowe - nazwa osobowa [1, ]
    • a
    • Nazwa osobowa (NP)
    • Czubik, Paweł. Find
    • 9
    • KHW
    • 77279
920 -ISBN [ , ]
    • a
    • ISBN
    • 83-86393-81-5 Find
Status udost. Numer inwentarzowy Sygnatura Lokalizacja Data inwentaryzacji
-6S.85144 BE2000-01-18
-3S.85145 BE2000-01-18
-2E.66296 BE1999-09-29
2S.84308 BE1999-09-29
1SA.8745SA.8745BSA1998-10-16
-2T.2191 T2000-04-17
-2T.2190 T2000-04-17